5HLuxD.jpg

KING HENRY VIII SENIOR AND PRIMARY SCHOOL LIBRARY OPAC

The cartoon introduction to economics : (Record no. 618)

000 -LEADER
fixed length control field 01268cam a2200301 a 4500
001 - CONTROL NUMBER
control field .b2189243x
003 - CONTROL NUMBER IDENTIFIER
control field OCoLC
005 - DATE AND TIME OF LATEST TRANSACTION
control field 20190904121439.0
008 - FIXED-LENGTH DATA ELEMENTS--GENERAL INFORMATION
fixed length control field 090423m20102012nyua 000 0 eng
010 ## - LIBRARY OF CONGRESS CONTROL NUMBER
LC control number 2009015727
020 ## - INTERNATIONAL STANDARD BOOK NUMBER
International Standard Book Number 9780809033614
Qualifying information (v. 2 : pbk.)
035 ## - SYSTEM CONTROL NUMBER
System control number (OCoLC)310399412
Canceled/invalid control number (OCoLC)671656269
040 ## - CATALOGING SOURCE
Original cataloging agency DLC
Language of cataloging eng
Transcribing agency DLC
Modifying agency YDX
-- YDXCP
-- LMR
-- CDX
-- YJL
-- VKC
-- IEP
-- BDX
-- VJK
-- OCLCO
-- UOI
042 ## - AUTHENTICATION CODE
Authentication code nbic
082 00 - DEWEY DECIMAL CLASSIFICATION NUMBER
Classification number 338 KLE
Edition number 22
100 1# - MAIN ENTRY--PERSONAL NAME
Personal name Klein, Grady.
245 14 - TITLE STATEMENT
Title The cartoon introduction to economics :
Remainder of title macroeconomics /
Statement of responsibility, etc. by Grady Klein and Yoram Bauman.
250 ## - EDITION STATEMENT
Edition statement 1st ed.
260 ## - PUBLICATION, DISTRIBUTION, ETC.
Place of publication, distribution, etc. New York :
Name of publisher, distributor, etc. Hill and Wang,
Date of publication, distribution, etc. 2010-c2012.
300 ## - PHYSICAL DESCRIPTION
Extent 2 v. :
Other physical details chiefly ill. ;
Dimensions 26 cm.
505 0# - FORMATTED CONTENTS NOTE
Formatted contents note V. 1. Microeconomics -- v. 2. Macroeconomics.
520 0# - SUMMARY, ETC.
Summary, etc. Award-winning illustrator Klein has paired up with the economist Bauman to create a clear and humorous introduction to microeconomics. Topics such as supply and demand, decision trees, taxes, auctions, risk investment, game theory, Pareto efficiency, Pareto improvement, marginal analysis, and price elasticity are presented.
650 #0 - SUBJECT ADDED ENTRY--TOPICAL TERM
Topical term or geographic name entry element Microeconomics.
650 #0 - SUBJECT ADDED ENTRY--TOPICAL TERM
Topical term or geographic name entry element Macroeconomics.
655 #0 - INDEX TERM--GENRE/FORM
Genre/form data or focus term Comic books, strips, etc.
700 1# - ADDED ENTRY--PERSONAL NAME
Personal name Bauman, Yoram.
942 ## - ADDED ENTRY ELEMENTS (KOHA)
Source of classification or shelving scheme
Koha item type Books - Non Ficton
Holdings
Withdrawn status Lost status Source of classification or shelving scheme Damaged status Not for loan Collection code Permanent Location Current Location Shelving location Date acquired Total Checkouts Full call number Barcode Date last seen Date last checked out Price effective from Koha item type
          Non-Fiction KH8 Senior School Library KH8 Senior School Library Non Fiction 2019-09-04 1 338 KLE 3KHSL000101323 2019-11-21 2019-11-15 2019-09-04 Books - Non Ficton

Powered By KH8 IT Dept